[Event "Wch Seniors 23rd 2013"]
[Site "Rijeka"]
[Date "2013.11.21"]
[Round "9.59"]
[White "Christiansen, Arne"]
[Black "Masich, Vladimir"]
[Result "1-0"]
[WhiteElo "2117"]
[BlackElo "1931"]
[PlyCount "133"]
[EventDate "2013.11.12"]

1. c4 Nf6 2. Nf3 c5 3. g3 Nc6 4. Nc3 g6 5. Bg2 Bg7 6. O-O O-O 7. d4 cxd4 8.
Nxd4 Nxd4 9. Qxd4 d6 10. Qd2 a6 11. b3 Rb8 12. Bb2 Bd7 13. Rfd1 Qc7 14. Rac1
Rbc8 15. e4 Bg4 16. f3 Qc5+ 17. Qf2 Qxf2+ 18. Kxf2 Bd7 19. Bf1 Rfe8 20. Bd3 Bc6
21. Rc2 Rc7 22. Bc1 Rec8 23. Be3 Nd7 24. Rcc1 Nc5 25. Be2 b6 26. Nd5 Rb7 27. h4
h5 28. Kg2 a5 29. Kf2 Ra8 30. Rb1 Kf8 31. Rd2 Bxd5 32. Rxd5 Bc3 33. a4 Na6 34.
Rd3 Bf6 35. Rdd1 Nb4 36. Bd4 Kg7 37. f4 Bxd4+ 38. Rxd4 Kf6 39. Bf3 Rc7 40. e5+
dxe5 41. fxe5+ Kxe5 42. Re4+ Kf6 43. Rf4+ Kg7 44. Bxa8 Nd3+ 45. Ke3 Nxf4 46.
gxf4 Rd7 47. Bf3 Rd6 48. Rc1 Re6+ 49. Kf2 Rd6 50. c5 bxc5 51. Rxc5 Rd3 52. Bd5
Rd2+ 53. Ke3 Rh2 54. Rxa5 Rxh4 55. Ra7 Kf6 56. a5 e6 57. Bf3 Rh2 58. a6 Ra2 59.
Be2 h4 60. Rd7 Ra3 61. Bc4 h3 62. Rd2 g5 63. fxg5+ Kxg5 64. Kf3 Ra1 65. Kg3 Kf6
66. Kxh3 Ke7 67. Rf2 1-0

[Event "Wch Seniors 23rd 2013"]
[Site "Rijeka"]
[Date "2013.11.21"]
[Round "9.60"]
[White "Mckerracher, Douglas"]
[Black "Yakimenko, Alexander A"]
[Result "0-1"]
[WhiteElo "2006"]
[BlackElo "2212"]
[PlyCount "128"]
[EventDate "2013.11.12"]

1. e4 e6 2. d3 d5 3. Nd2 Be7 4. Ngf3 b6 5. g3 Bb7 6. Bg2 Nf6 7. e5 Nfd7 8. d4
c5 9. c3 Ba6 10. Bf1 Bxf1 11. Nxf1 O-O 12. Ne3 cxd4 13. cxd4 f5 14. Ng2 Bb4+
15. Bd2 Nc6 16. Bxb4 Nxb4 17. a3 Nc6 18. h4 Qe7 19. Nf4 Rfc8 20. Ng5 Nf8 21.
O-O Na5 22. b4 Nc4 23. Nf3 a5 24. Qb3 Ra7 25. Rfb1 Rca8 26. b5 Rc7 27. Qd3 Rac8
28. a4 g6 29. Kg2 Kg7 30. Ra2 h6 31. Raa1 Qf7 32. Rh1 Nh7 33. Ra2 Nf8 34. Rb1
Qe7 35. Nh3 Kf7 36. Nd2 Nxd2 37. Qxd2 Kg7 38. Rbb2 Rc4 39. Rc2 Qc7 40. Rcb2 Rc1
41. Nf4 Qc3 42. Qxc3 R1xc3 43. Ne2 R3c4 44. Kf3 Nh7 45. Ke3 g5 46. Kd3 Kg6 47.
Rc2 Kh5 48. hxg5 Nxg5 49. Rxc4 Rxc4 50. Ra1 Kg4 51. Ke3 Nf3 52. Ra3 h5 53. Ra1
Rb4 54. Ra3 Rc4 55. Ra1 Rc2 56. Ra3 Rc4 57. Ra1 f4+ 58. Nxf4 Rc3+ 59. Ke2 Nxd4+
60. Kd2 Rf3 61. Rh1 Nf5 62. Ke2 h4 63. Nxe6 hxg3 64. fxg3 Nxg3+ 0-1

[Event "Wch Seniors 23rd 2013"]
[Site "Rijeka"]
[Date "2013.11.21"]
[Round "9.61"]
[White "Skok, Joze"]
[Black "Ofstad, Per"]
[Result "1/2-1/2"]
[WhiteElo "2003"]
[BlackElo "2181"]
[PlyCount "133"]
[EventDate "2013.11.12"]

1. e4 e5 2. Nf3 Nc6 3. Bb5 a6 4. Ba4 Nf6 5. d4 Nxe4 6. O-O b5 7. Bb3 d5 8. Nxe5
Nxe5 9. dxe5 Be6 10. Be3 Bc5 11. Qd3 c6 12. f3 Qb6 13. fxe4 Bxe3+ 14. Kh1 O-O
15. exd5 cxd5 16. Nc3 d4 17. Nd5 Qc5 18. Nxe3 Bxb3 19. axb3 dxe3 20. Rf3 Qxe5
21. Rxe3 Qxb2 22. Rf1 Rad8 23. Qe2 Qd4 24. Rd3 Qb6 25. Rfd1 Rde8 26. Qf3 Re6
27. Rd7 Rf6 28. Qd5 h6 29. h3 Qc6 30. Qd2 Qc5 31. Rd4 Re8 32. c4 bxc4 33. bxc4
Qe5 34. Rd8 Rxd8 35. Qxd8+ Kh7 36. Qd3+ g6 37. Qd5 Qxd5 38. Rxd5 Kg7 39. Rd7
Rc6 40. Ra7 Kf6 41. Kg1 Ke5 42. Rxf7 Rxc4 43. Re7+ Kf6 44. Ra7 Rc6 45. Kf2 h5
46. h4 Kf5 47. Rd7 Re6 48. Kf3 Rb6 49. Rd5+ Kf6 50. Ra5 Ke7 51. Rg5 Re6 52. Ra5
Kd7 53. g4 hxg4+ 54. Kxg4 Kc7 55. Ra1 Kb6 56. Rb1+ Kc5 57. Rc1+ Kb4 58. Rb1+
Kc3 59. Ra1 Kb2 60. Ra5 Rb6 61. Kg5 Kc2 62. Kh6 Kb3 63. Rg5 Rb4 64. Rg3+ Kb2
65. Rg2+ Ka3 66. Rg3+ Kb2 67. Rg2+ 1/2-1/2

[Event "Wch Seniors 23rd 2013"]
[Site "Rijeka"]
[Date "2013.11.21"]
[Round "9.63"]
[White "Barkman, Rolf"]
[Black "Wilson, F  Leon"]
[Result "1-0"]
[WhiteElo "1867"]
[BlackElo "1591"]
[PlyCount "95"]
[EventDate "2013.11.12"]

1. e4 c5 2. f4 Nc6 3. Nc3 g6 4. a4 Bg7 5. Bc4 e6 6. Nf3 b6 7. e5 Bb7 8. Ne4 Bf8
9. Ng3 Bg7 10. c3 Nge7 11. Ne4 O-O 12. Nd6 Qc7 13. O-O Na5 14. Ba2 Ba6 15. d3
Nb7 16. Ne4 d5 17. Neg5 h6 18. Nh3 Na5 19. b4 cxb4 20. cxb4 Nf5 21. bxa5 Qc3
22. Bd2 Qxd3 23. Re1 Bb7 24. axb6 axb6 25. Rb1 Qa6 26. Rb4 Qa7 27. Kh1 Bc6 28.
Bb3 Rfc8 29. Nhg1 Bf8 30. g4 Bxb4 31. Bxb4 Ng7 32. Nd4 Bxa4 33. Ngf3 Bd7 34. h4
h5 35. Ng5 b5 36. f5 hxg4 37. fxe6 fxe6 38. Qxg4 Qb6 39. Rf1 Nh5 40. Ngxe6 Ng7
41. Bxd5 Bc6 42. Nxc6 Rxc6 43. Nd8+ Kh7 44. Nxc6 Re8 45. Rf6 Qe3 46. Qxg6+ Kh8
47. Qh6+ Qxh6 48. Rxh6# 1-0

[Event "Wch Seniors 23rd 2013"]
[Site "Rijeka"]
[Date "2013.11.21"]
[Round "9.64"]
[White "Nilsson, Weine"]
[Black "Petzold, Hans"]
[Result "1-0"]
[WhiteElo "2003"]
[BlackElo "2130"]
[PlyCount "81"]
[EventDate "2013.11.12"]

1. c4 e5 2. Nc3 Nc6 3. g3 f5 4. Bg2 Nf6 5. d3 Bb4 6. Bd2 O-O 7. e3 Bxc3 8. Bxc3
d6 9. Ne2 Qe8 10. h4 Qh5 11. d4 Bd7 12. b4 Rae8 13. b5 Nd8 14. Qd2 Qf7 15. d5
Ne4 16. Qc2 Qh5 17. f3 Nf6 18. O-O-O b6 19. Rdf1 Nb7 20. Bb4 Rb8 21. Nc3 Kh8
22. Kb1 Qg6 23. Ne2 Qh6 24. Bd2 Nc5 25. Bh3 Rbe8 26. e4 f4 27. Bxd7 Nfxd7 28.
gxf4 exf4 29. Nd4 Rf7 30. Rfg1 Ne5 31. Rg5 g6 32. Bc3 Rb8 33. Qg2 Rf6 34. h5
Qg7 35. Nf5 Qf8 36. Bxe5 dxe5 37. hxg6 h6 38. Nxh6 Kg7 39. Nf5+ Rxf5 40. Rh7+
Kg8 41. Qh3 1-0

[Event "Wch Seniors 23rd 2013"]
[Site "Rijeka"]
[Date "2013.11.21"]
[Round "9.65"]
[White "Zhelesny, Stanislav"]
[Black "Morriss, Pete"]
[Result "1-0"]
[WhiteElo "2109"]
[BlackElo "2008"]
[PlyCount "49"]
[EventDate "2013.11.12"]

1. Nf3 Nf6 2. g3 b5 3. Bg2 Bb7 4. d3 e6 5. O-O c5 6. a4 b4 7. b3 d5 8. e4 dxe4
9. Nfd2 Be7 10. Bb2 O-O 11. dxe4 Na6 12. Qe2 Qc7 13. Nc4 Rad8 14. Nbd2 Qb8 15.
Rad1 Rd7 16. Ne5 Rdd8 17. Ng4 Qc7 18. Be5 Qc6 19. Ne3 Ne8 20. Ndc4 Qc8 21. Rxd8
Qxd8 22. Rd1 Qa8 23. Na5 Nf6 24. Bxf6 Bxf6 25. Nxb7 1-0

[Event "Wch Seniors 23rd 2013"]
[Site "Rijeka"]
[Date "2013.11.21"]
[Round "9.66"]
[White "Hutchinson, Norman A"]
[Black "Zybura, Andre"]
[Result "1-0"]
[WhiteElo "2106"]
[BlackElo "1990"]
[PlyCount "54"]
[EventDate "2013.11.12"]

1. Nf3 Nf6 2. d4 e6 3. c4 c5 4. e3 b6 5. Nbd2 Bb7 6. Bd3 Be7 7. O-O d6 8. b3
O-O 9. Bb2 Nbd7 10. Qc2 h6 11. Rad1 Qc7 12. Rfe1 Rfe8 13. e4 e5 14. d5 Nf8 15.
Nf1 Ng6 16. Ne3 Nf4 17. Bf1 Bc8 18. Nh4 g6 19. g3 Nh3+ 20. Bxh3 Bxh3 21. f3 Nh5
22. Neg2 Bg5 23. Qf2 Qe7 24. Re2 Kh7 25. Bc3 Bxh4 26. Nxh4 g5 27. Ng2 f5 {
Dirty manuscript!} 1-0

[Event "Wch Seniors 23rd 2013"]
[Site "Rijeka"]
[Date "2013.11.21"]
[Round "9.68"]
[White "Choong, Liong-On Mark"]
[Black "Meizlin, Yaacov"]
[Result "0-1"]
[WhiteElo "1924"]
[BlackElo "2102"]
[PlyCount "110"]
[EventDate "2013.11.12"]

1. b3 d5 2. Bb2 c5 3. e3 Nc6 4. f4 Nf6 5. Be2 e6 6. Nf3 Be7 7. O-O O-O 8. h3 d4
9. Bd3 Nd5 10. Qe2 Bf6 11. Ne5 Bxe5 12. fxe5 dxe3 13. c4 Ndb4 14. Bxh7+ Kxh7
15. Qh5+ Kg8 16. Rf4 e2 17. Nc3 Nxe5 18. Rh4 f6 19. Nxe2 Qxd2 20. Bc3 Qh6 21.
Qxh6 gxh6 22. Bxe5 fxe5 23. Rxh6 Nc2 24. Rd1 Kg7 25. Rh5 Ne3 26. Rd3 Rf1+ 27.
Kh2 Nf5 28. Rd8 Nh6 29. Ng3 Rf4 30. Rxe5 Rd4 31. Nh5+ Kg6 32. Rf8 Nf5 33. g4
Rd2+ 34. Kg1 Nh6 35. Rxc5 Rxa2 36. Rc7 Kg5 37. Rh7 b6 38. Rf6 Ba6 39. Rhxh6 Rd8
40. Ng3 Bb7 41. Rfg6+ Kf4 42. Nh5+ Ke3 43. Rxe6+ Be4 44. Rd6 Rg2+ 45. Kf1 Rb2
46. Kg1 Rxd6 47. Rxd6 Rxb3 48. Nf6 Bd3 49. Kh2 Bxc4 50. Kg3 a5 51. Kh4 a4 52.
g5 a3 53. Nd5+ Bxd5 54. Rxd5 a2 55. g6 a1=Q 0-1

[Event "Wch Seniors 23rd 2013"]
[Site "Rijeka"]
[Date "2013.11.21"]
[Round "9.69"]
[White "Hedin, Gunnar"]
[Black "Blaeser, Romain"]
[Result "1/2-1/2"]
[WhiteElo "2100"]
[BlackElo "1971"]
[PlyCount "66"]
[EventDate "2013.11.12"]

1. d4 g6 2. c4 Bg7 3. Nc3 c5 4. d5 Bxc3+ 5. bxc3 f5 6. e4 fxe4 7. f3 d6 8. fxe4
Qa5 9. Nf3 Nd7 10. Qc2 Ngf6 11. Bg5 Ng4 12. Be2 h6 13. Bd2 Nde5 14. Rb1 b6 15.
h3 Nxf3+ 16. gxf3 Ne5 17. f4 Nf7 18. e5 Bf5 19. Bd3 Bxd3 20. Qxd3 Rg8 21. Rg1
O-O-O 22. e6 Nh8 23. Ke2 Rdf8 24. Rbf1 Rf6 25. Qc2 Rgf8 26. Qb3 Kc7 27. Qb5
Qxb5 28. cxb5 c4 29. Be3 Rf5 30. Bd4 Rxd5 31. Bxh8 Rxh8 32. Rxg6 Rd3 33. Rf3
Rxf3 1/2-1/2

[Event "Wch Seniors 23rd 2013"]
[Site "Rijeka"]
[Date "2013.11.21"]
[Round "9.70"]
[White "Kayaman, Metin"]
[Black "Danielsson, Robert"]
[Result "1/2-1/2"]
[WhiteElo "1865"]
[BlackElo "2098"]
[PlyCount "56"]
[EventDate "2013.11.12"]

1. d4 Nf6 2. Nf3 g6 3. Bg5 Ne4 4. Bh4 Bg7 5. Nbd2 d5 6. e3 c5 7. c3 Nxd2 8.
Qxd2 cxd4 9. exd4 O-O 10. Bd3 Nc6 11. O-O Bg4 12. Qf4 Bxf3 13. Qxf3 Qd7 14. Bc2
Rfe8 15. Rad1 Rac8 16. Bb3 e6 17. Bf6 Na5 18. Bxg7 Kxg7 19. Rd2 Qb5 20. Qe2
Qxe2 21. Rxe2 b5 22. Rfe1 Nc4 23. a4 bxa4 24. Bxa4 Re7 25. Bb5 Rec7 26. Ra1 Rb8
27. Bxc4 Rxc4 28. Kf1 Rc7 1/2-1/2

[Event "Wch Seniors 23rd 2013"]
[Site "Rijeka"]
[Date "2013.11.21"]
[Round "9.71"]
[White "Cao, Jorge"]
[Black "Kurka, Dieter"]
[Result "0-1"]
[WhiteElo "1990"]
[BlackElo "2091"]
[PlyCount "96"]
[EventDate "2013.11.12"]

1. d4 d5 2. c4 e6 3. Nc3 Nf6 4. Bg5 Be7 5. Nf3 O-O 6. e3 h6 7. Bh4 Ne4 8. Bxe7
Qxe7 9. Bd3 Nxc3 10. bxc3 dxc4 11. Bxc4 Nd7 12. e4 e5 13. d5 Nc5 14. Qc2 Bg4
15. O-O Bxf3 16. gxf3 Rad8 17. Kh1 Rd6 18. Rg1 Rf6 19. Rg3 Rf4 20. Rag1 Qf6 21.
Be2 g5 22. Qd1 Kh7 23. Rg4 Rd8 24. Rxf4 Qxf4 25. Qc1 Qxc1 26. Rxc1 Kg7 27. Rb1
f5 28. Rb4 a5 29. Rc4 b6 30. Kg2 Kf6 31. Bd1 h5 32. Be2 f4 33. h3 Rg8 34. Bd1
Ke7 35. a4 Kd6 36. Kf1 Rb8 37. Kg2 b5 38. axb5 Rxb5 39. Ba4 Rb1 40. Bc2 Ra1 41.
h4 gxh4 42. Kh3 a4 43. Rb4 a3 44. Bb1 a2 45. Bxa2 Rxa2 46. Kxh4 Rxf2 47. Kxh5
Rxf3 48. Rb8 Rxc3 0-1

[Event "Wch Seniors 23rd 2013"]
[Site "Rijeka"]
[Date "2013.11.21"]
[Round "9.72"]
[White "Pressl, Harald"]
[Black "Finnlaugsson, Gunnar"]
[Result "1/2-1/2"]
[WhiteElo "1802"]
[BlackElo "2082"]
[PlyCount "41"]
[EventDate "2013.11.12"]

1. e4 c5 2. Nc3 e6 3. f4 d5 4. Nf3 Nc6 5. Bb5 Nge7 6. O-O a6 7. Bxc6+ bxc6 8.
d3 g6 9. Qe1 Bg7 10. Qh4 a5 11. Na4 dxe4 12. dxe4 Ba6 13. Re1 Bb5 14. Nc3 O-O
15. Be3 c4 16. Bc5 Re8 17. Rad1 Qc7 18. Bd6 Qa7+ 19. Kh1 Nc8 20. Be5 Qe7 21.
Qxe7 1/2-1/2

[Event "Wch Seniors 23rd 2013"]
[Site "Rijeka"]
[Date "2013.11.21"]
[Round "9.73"]
[White "Batakovs, Olegs"]
[Black "Catania, Duane"]
[Result "1-0"]
[WhiteElo "2075"]
[BlackElo "2029"]
[PlyCount "67"]
[EventDate "2013.11.12"]

1. e4 e6 2. d4 d5 3. Nc3 Nf6 4. Bg5 Bb4 5. e5 h6 6. Bd2 Bxc3 7. bxc3 Ne4 8. Qg4
g6 9. Bd3 Nxd2 10. Kxd2 c5 11. Nf3 Nc6 12. Bb5 Qa5 13. Bxc6+ bxc6 14. Rhb1 Ba6
15. Qf4 cxd4 16. Nxd4 Qc7 17. Nb3 Bc4 18. Nc5 Rb8 19. Rxb8+ Qxb8 20. Kc1 Qb6
21. Rb1 Bb5 22. Qd4 Qd8 23. a4 Bc4 24. Rb7 O-O 25. Nd7 a6 26. Nxf8 Kxf8 27. Qf4
Qe8 28. Qxh6+ Kg8 29. Qf4 c5 30. Qf6 d4 31. Re7 Qf8 32. Rd7 Qh6+ 33. f4 Qg7 34.
Rd8+ 1-0

[Event "Wch Seniors 23rd 2013"]
[Site "Rijeka"]
[Date "2013.11.21"]
[Round "9.75"]
[White "Peierl, Walter"]
[Black "Koryabkin, Valery"]
[Result "0-1"]
[WhiteElo "1834"]
[BlackElo "2057"]
[PlyCount "86"]
[EventDate "2013.11.12"]

1. e4 c5 2. d4 cxd4 3. c3 dxc3 4. Nxc3 Nc6 5. Nf3 a6 6. Bc4 e6 7. O-O Bb4 8.
Bd2 Nge7 9. a3 Ba5 10. b4 Bc7 11. Bg5 f6 12. Bh4 O-O 13. Qe2 b5 14. Ba2 Ng6 15.
Bg3 Bxg3 16. hxg3 Qe7 17. Rfd1 Bb7 18. Rd2 Rfd8 19. Rad1 Rac8 20. Qe3 Nge5 21.
Nxe5 Nxe5 22. Rd4 Kf8 23. Ne2 Rc2 24. Bb1 Rc4 25. f3 Rxd4 26. Qxd4 d5 27. Ba2
Nc6 28. Qb6 dxe4 29. Rxd8+ Nxd8 30. fxe4 Bxe4 31. Qxa6 Qd7 32. Nf4 Ke7 33. Qb6
g5 34. Qc5+ Qd6 35. Qa7+ Kf8 36. Nh5 Qd1+ 37. Kf2 Qxh5 38. Qd4 Bd5 39. Qxf6+
Nf7 40. Bb1 Qd1 41. Bxh7 Qd2+ 42. Kf1 Bc4+ 43. Kg1 Qd1+ 0-1

[Event "Wch Seniors 23rd 2013"]
[Site "Rijeka"]
[Date "2013.11.21"]
[Round "9.77"]
[White "Hocevar, Nikola"]
[Black "Lim, Kian Hwa"]
[Result "1-0"]
[WhiteElo "1996"]
[BlackElo "1883"]
[PlyCount "79"]
[EventDate "2013.11.12"]

1. c4 Nf6 2. Nc3 c6 3. e4 d6 4. d4 Nbd7 5. Be2 e5 6. Nf3 Be7 7. h3 O-O 8. Be3
b6 9. Qc2 Bb7 10. O-O a6 11. Rad1 Qc7 12. Qb1 Rac8 13. d5 cxd5 14. cxd5 b5 15.
Rc1 Qb8 16. b4 Rc7 17. Bd3 Rfc8 18. Qb3 Ba8 19. a4 bxa4 20. Nxa4 a5 21. b5 Bxd5
22. exd5 e4 23. Nd4 Nc5 24. Nxc5 dxc5 25. Nc6 Rxc6 26. dxc6 exd3 27. Qxd3 Qe5
28. Qc3 Qxc3 29. Rxc3 Nd5 30. Rc4 Nb6 31. Rc2 a4 32. Bxc5 Bxc5 33. Rxc5 Kf8 34.
c7 Ke7 35. Re1+ Kd7 36. Rd1+ Ke7 37. Rc6 Na8 38. b6 Nxb6 39. Rxb6 Rxc7 40. Ra6
1-0

[Event "Wch Seniors 23rd 2013"]
[Site "Rijeka"]
[Date "2013.11.21"]
[Round "9.78"]
[White "Davydov, Mihail"]
[Black "Baumgarten, Werner"]
[Result "1/2-1/2"]
[WhiteElo "2058"]
[BlackElo "1943"]
[PlyCount "36"]
[EventDate "2013.11.12"]

1. c4 c5 2. Nc3 b6 3. d3 Bb7 4. e4 e5 5. f4 d6 6. Nf3 Nc6 7. Be3 g6 8. Qd2 Bh6
9. Nd5 Nd4 10. O-O-O Nxf3 11. gxf3 Bxd5 12. cxd5 exf4 13. Bxf4 Bxf4 14. Qxf4
Qf6 15. Qe3 Ne7 16. h4 h5 17. Kb1 O-O 18. Be2 Rae8 1/2-1/2

[Event "Wch Seniors 23rd 2013"]
[Site "Rijeka"]
[Date "2013.11.21"]
[Round "9.79"]
[White "Lovejoy, David"]
[Black "Jorgensen, Arne Bjorn"]
[Result "1/2-1/2"]
[WhiteElo "1943"]
[BlackElo "1999"]
[PlyCount "81"]
[EventDate "2013.11.12"]

1. e4 e6 2. Qe2 c5 3. Nf3 Nc6 4. g3 g6 5. d3 Bg7 6. Bg2 Nf6 7. O-O d5 8. e5 Nd7
9. Bf4 O-O 10. h4 b5 11. Re1 a5 12. Nbd2 Ba6 13. Nf1 b4 14. Qd2 Qc7 15. Bh6
Ndxe5 16. Nxe5 Nxe5 17. Bxg7 Kxg7 18. Qf4 f6 19. Nh2 Ra7 20. Qd2 Bc8 21. Re2
Qf7 22. Rae1 Re7 23. f4 Nc6 24. Nf3 Rfe8 25. Qe3 d4 26. Qf2 Bb7 27. Nd2 e5 28.
Ne4 Rd8 29. Nxc5 Ba8 30. Ne4 Qe6 31. Nd2 Qd7 32. Nc4 Qc7 33. Rf1 exf4 34. Rxe7+
Qxe7 35. Qxf4 Ne5 36. Bxa8 Nxc4 37. dxc4 Rxa8 38. Qxd4 Rd8 39. Qf2 Rd7 40. b3
Qe5 41. Re1 1/2-1/2

[Event "Wch Seniors 23rd 2013"]
[Site "Rijeka"]
[Date "2013.11.21"]
[Round "9.80"]
[White "Filzmaier, Bruno"]
[Black "Andreas, Guenter"]
[Result "0-1"]
[WhiteElo "1895"]
[BlackElo "1990"]
[PlyCount "68"]
[EventDate "2013.11.12"]

1. a3 e5 2. e3 d5 3. d4 e4 4. c4 c6 5. Nc3 Nf6 6. Qb3 Be7 7. cxd5 cxd5 8. Nh3
Bd6 9. Bd2 Nbd7 10. Nxd5 O-O 11. Bc4 Nxd5 12. Bxd5 Nf6 13. Ng5 Qe7 14. f3 exf3
15. Nxf3 Nxd5 16. Qxd5 Be6 17. Qh5 Bc4 18. Ne5 Bxe5 19. Qxe5 Qh4+ 20. Qg3 Qe4
21. Qf3 Qd3 22. Rc1 Rfe8 23. Rxc4 Qxc4 24. Rf1 Re7 25. Bc3 Rae8 26. Kf2 Rxe3
27. Qxb7 R3e7 28. Qf3 Qe2+ 29. Qxe2 Rxe2+ 30. Kg1 Rc2 31. Rd1 Ree2 32. d5 Re7
33. d6 Rd7 34. Bb4 f6 {Dirty manuscript!} 0-1

[Event "Wch Seniors 23rd 2013"]
[Site "Rijeka"]
[Date "2013.11.21"]
[Round "9.81"]
[White "Bianco Diaz, Rogelio Jose"]
[Black "Green, Per"]
[Result "0-1"]
[WhiteElo "1891"]
[BlackElo "1990"]
[PlyCount "94"]
[EventDate "2013.11.12"]

1. d4 Nf6 2. f4 d5 3. Nf3 g6 4. e3 Bg7 5. Bd3 O-O 6. Nbd2 c5 7. c3 b6 8. O-O
Ba6 9. Qe2 Bxd3 10. Qxd3 Nbd7 11. Ne5 Qc7 12. h3 e6 13. g4 Rab8 14. a4 c4 15.
Qc2 a6 16. e4 Qb7 17. Nxd7 Nxd7 18. e5 b5 19. axb5 axb5 20. g5 Ra8 21. Rxa8
Rxa8 22. Nf3 b4 23. cxb4 Qxb4 24. Bd2 Qa4 25. Qxa4 Rxa4 26. Bc3 Bf8 27. Rc1 Nb6
28. Kf2 Nc8 29. Ne1 Ne7 30. Nc2 Nf5 31. Ra1 Rxa1 32. Nxa1 Be7 33. Nc2 Kf8 34.
Kf3 Ke8 35. Ne3 Nxe3 36. Kxe3 Kd7 37. Kd2 Kc6 38. Kc2 Kb5 39. b3 Bf8 40. Kb2 h5
41. Ka2 Be7 42. Kb2 Bb4 43. h4 cxb3 44. Kxb3 Bxc3 45. Kxc3 Ka4 46. Kc2 Kb4 47.
Kd3 Kb3 0-1

[Event "Wch Seniors 23rd 2013"]
[Site "Rijeka"]
[Date "2013.11.21"]
[Round "9.82"]
[White "Korenevski, Oleg"]
[Black "Trtanj, Zoran"]
[Result "1/2-1/2"]
[WhiteElo "1880"]
[BlackElo "1986"]
[PlyCount "77"]
[EventDate "2013.11.12"]

1. d4 Nf6 2. Nf3 e6 3. e3 b6 4. Bd3 Bb7 5. Nbd2 d5 6. O-O Nbd7 7. b3 c5 8. Bb2
Be7 9. c4 O-O 10. Rc1 h6 11. Qe2 Ne4 12. Ne5 Nxd2 13. Qxd2 cxd4 14. exd4 Nxe5
15. dxe5 dxc4 16. Rxc4 Qd5 17. f3 Bc5+ 18. Kh1 Rad8 19. Rd1 Ba6 20. Rc3 Bb4 21.
Qc2 g6 22. Be2 Qxe5 23. Rxd8 Rxd8 24. Rc8 Rxc8 25. Qxc8+ Bxc8 26. Bxe5 Be7 27.
Bb5 f6 28. Bb8 a6 29. Bc6 Kf7 30. Kg1 e5 31. Kf1 Ke6 32. Bc7 Bc5 33. Ke2 Bd7
34. Bb7 Bb5+ 35. Kd2 a5 36. Bc8+ Ke7 37. a4 Bd7 38. Bb7 f5 39. Bxe5 1/2-1/2

[Event "Wch Seniors 23rd 2013"]
[Site "Rijeka"]
[Date "2013.11.21"]
[Round "9.83"]
[White "Ramusch, Arnulf"]
[Black "Kiss, Istvan"]
[Result "1-0"]
[WhiteElo "1979"]
[BlackElo "1880"]
[PlyCount "107"]
[EventDate "2013.11.12"]

1. d4 Nf6 2. Nf3 d6 3. c4 Nbd7 4. Nc3 e5 5. e3 Be7 6. Be2 c6 7. O-O O-O 8. Qc2
Re8 9. d5 Bf8 10. e4 h6 11. h3 cxd5 12. cxd5 Nb6 13. Be3 Bd7 14. Nd2 Qe7 15.
Rfc1 Rec8 16. Qd1 Rc7 17. a4 Ne8 18. a5 Nc8 19. Bg4 Bxg4 20. hxg4 Qd7 21. f3
Nf6 22. Qe2 a6 23. Nc4 Qd8 24. b3 Nd7 25. b4 Qh4 26. Bf2 Qg5 27. g3 g6 28. Be3
Qf6 29. Na4 Kg7 30. Kg2 g5 31. Bf2 Rb8 32. Ncb6 Qd8 33. Nc4 Be7 34. Ne3 Rxc1
35. Rxc1 Kh7 36. Nf5 Bf8 37. Be3 Ra8 38. Qc2 b5 39. Qc6 Na7 40. Bxa7 bxa4 41.
Be3 a3 42. Qa4 a2 43. Qxa2 Rc8 44. Qa4 Nb8 45. Bb6 Qe8 46. Qxe8 Rxe8 47. Rc7
Kg6 48. Kf2 Kf6 49. Ke2 Be7 50. Nxh6 Rh8 51. Nf5 Rh2+ 52. Ke3 Bd8 53. Rb7 Bxb6+
54. Rxb6 1-0

[Event "Wch Seniors 23rd 2013"]
[Site "Rijeka"]
[Date "2013.11.21"]
[Round "9.84"]
[White "Waisberg, Arnold"]
[Black "Urbanc, Vinko"]
[Result "1-0"]
[WhiteElo "1971"]
[BlackElo "1842"]
[PlyCount "45"]
[EventDate "2013.11.12"]

1. e4 Nf6 2. e5 Nd5 3. d4 d6 4. c4 Nb6 5. exd6 cxd6 6. Nf3 Bg4 7. Be2 e6 8. O-O
Be7 9. Nc3 Nc6 10. d5 Bxf3 11. Bxf3 Ne5 12. dxe6 Nxf3+ 13. Qxf3 O-O 14. Qe2 Rc8
15. b3 f5 16. Bb2 Rc5 17. f4 Re8 18. Ba3 Rc6 19. Rad1 Qb8 20. Nd5 Bf8 21. e7
Nxd5 22. Qe6+ Kh8 23. exf8=Q+ 1-0

[Event "Wch Seniors 23rd 2013"]
[Site "Rijeka"]
[Date "2013.11.21"]
[Round "9.85"]
[White "Borensztajn, David"]
[Black "Bornand, Herbert"]
[Result "1/2-1/2"]
[WhiteElo "1869"]
[BlackElo "1966"]
[PlyCount "46"]
[EventDate "2013.11.12"]

1. d4 d5 2. Nf3 e6 3. e3 Nf6 4. Bd3 c5 5. b3 b6 6. Nbd2 Ba6 7. c4 g6 8. Bb2 Bg7
9. e4 dxe4 10. Nxe4 Bb7 11. dxc5 O-O 12. Nxf6+ Bxf6 13. Bxf6 Qxf6 14. O-O Rd8
15. Qe2 Bxf3 16. gxf3 Nd7 17. Be4 Rac8 18. cxb6 axb6 19. Qe3 Rc5 20. f4 e5 21.
f5 gxf5 22. Bg2 f4 23. Qf3 Qh4 1/2-1/2

[Event "Wch Seniors 23rd 2013"]
[Site "Rijeka"]
[Date "2013.11.21"]
[Round "9.87"]
[White "Benson, Lachlan"]
[Black "Norman, Dinah M"]
[Result "1/2-1/2"]
[WhiteElo "2039"]
[BlackElo "1800"]
[PlyCount "44"]
[EventDate "2013.11.12"]

1. e4 c6 2. d4 d5 3. Nc3 dxe4 4. Nxe4 Nd7 5. Nf3 Ngf6 6. Nxf6+ Nxf6 7. Bd3 Bg4
8. c3 e6 9. h3 Bh5 10. g4 Bg6 11. Bg5 Be7 12. Qe2 Bxd3 13. Qxd3 h6 14. Bxf6
Bxf6 15. O-O-O Qc7 16. Qe4 O-O-O 17. Kb1 g6 18. Rhe1 Bg7 19. Qe3 Kb8 20. Ne5 h5
21. g5 Bxe5 22. Qxe5 Qxe5 1/2-1/2

[Event "Wch Seniors 23rd 2013"]
[Site "Rijeka"]
[Date "2013.11.21"]
[Round "9.88"]
[White "Bohman, Leif"]
[Black "Schwertel, Johann"]
[Result "1-0"]
[WhiteElo "1880"]
[BlackElo "2016"]
[PlyCount "99"]
[EventDate "2013.11.12"]

1. d4 d5 2. Bf4 c6 3. c3 Nf6 4. Nd2 Nbd7 5. Ngf3 Nb6 6. e3 e6 7. h3 Bd6 8. Ne5
Qe7 9. Bd3 Nbd7 10. O-O Nf8 11. Bh2 Ng6 12. f4 O-O 13. Qe2 c5 14. a4 Qc7 15.
Kh1 Nd7 16. Ndf3 Ndxe5 17. fxe5 Be7 18. g4 Qd8 19. Rg1 Bd7 20. g5 c4 21. Bc2
Qb6 22. Rab1 Qa5 23. Qd1 b5 24. axb5 Qxb5 25. h4 Rfb8 26. h5 Nf8 27. g6 fxg6
28. hxg6 h6 29. Rg4 Be8 30. Bf4 Nd7 31. Qf1 Nb6 32. Qh3 Bf8 33. Bxh6 gxh6 34.
g7 Rb7 35. gxf8=Q+ Kxf8 36. Qxh6+ Ke7 37. Rg7+ Bf7 38. Qf6+ Ke8 39. Bg6 Bxg6
40. Qxg6+ Kd8 41. Rxb7 Kc8 42. Re7 Kb8 43. Qxe6 Nc8 44. Qd7 Qb6 45. Re8 Qb7 46.
e6 a5 47. Ne5 Ra6 48. Rf1 Rxe6 49. Qxb7+ Kxb7 50. Rxe6 1-0

[Event "Wch Seniors 23rd 2013"]
[Site "Rijeka"]
[Date "2013.11.21"]
[Round "9.90"]
[White "Sevenyuk, Alexey"]
[Black "Gonzalez Pabollet, Jesus Maria"]
[Result "0-1"]
[WhiteElo "1886"]
[BlackElo "1970"]
[PlyCount "94"]
[EventDate "2013.11.12"]

1. e4 c5 2. Nc3 Nc6 3. g3 d6 4. Bg2 Nf6 5. d3 g6 6. Nge2 Bg7 7. O-O O-O 8. h3
Bd7 9. Be3 Qc8 10. Kh2 a6 11. a4 b6 12. d4 cxd4 13. Bxd4 Nxd4 14. Nxd4 Qc4 15.
Nce2 e5 16. Nf3 Rac8 17. Ne1 Bc6 18. b3 Qe6 19. Nc3 Bb7 20. Nd5 Bxd5 21. exd5
Qe7 22. c4 Nd7 23. Ra2 f5 24. f3 Nf6 25. Re2 Nh5 26. Qd2 f4 27. gxf4 Qh4 28.
Rff2 Bh6 29. Nd3 Nxf4 30. Qd1 Nxe2 31. Rxe2 Bf4+ 32. Nxf4 Qxf4+ 33. Kh1 Qg3 34.
Re4 Rf4 35. Rxf4 Qxf4 36. Qe1 Rf8 37. Qb4 e4 38. fxe4 Qg3 39. Qxb6 Rf2 40. Qd8+
Kg7 41. Qd7+ Kh6 42. Qg4 Rxg2 43. Qxg3 Rxg3 44. e5 dxe5 45. d6 Rd3 46. Kg2 Rxd6
47. c5 Rd3 0-1

[Event "Wch Seniors 23rd 2013"]
[Site "Rijeka"]
[Date "2013.11.21"]
[Round "9.91"]
[White "Alavi, Mir Mahmood"]
[Black "Neumann, Horst"]
[Result "0-1"]
[WhiteElo "1852"]
[BlackElo "1929"]
[PlyCount "80"]
[EventDate "2013.11.12"]

1. e4 c6 2. d4 d5 3. e5 Bf5 4. g4 Bd7 5. Bg5 Qb6 6. b3 e6 7. Nf3 c5 8. Be3 Nc6
9. Be2 Rc8 10. O-O cxd4 11. Nxd4 Bc5 12. Nb5 Nxe5 13. Bxc5 Qxc5 14. Qd4 Qxd4
15. Nxd4 a6 16. Nd2 Ne7 17. f4 N5c6 18. N4f3 Ng6 19. Ng5 Nd4 20. Bd3 Nxc2 21.
Rac1 Ne3 22. Rxc8+ Bxc8 23. Rc1 O-O 24. h3 f6 25. Nxe6 Bxe6 26. f5 Bxf5 27.
Bxf5 Nxf5 28. gxf5 Nh4 29. Rc7 Nxf5 30. Rxb7 Rc8 31. Rd7 Rc1+ 32. Kf2 d4 33.
Kf3 Rc2 34. Ne4 Rxa2 35. Kf4 Ra5 36. b4 Re5 37. Nc5 a5 38. Nd3 Rb5 39. bxa5
Rxa5 40. h4 g6 0-1